Normal view MARC view
  • México.

Entry Nombre Corporativo

Number of records used in: 31

001 - NÚMERO DE CONTROL

  • campo de control: 7686

003 - IDENTIFICADOR DE NUMERO DE CONTROL

  • campo de control: MX-MxUPN

005 - FECHA Y HORA DE LA ÜLTIMA TRANSACCIÓN

  • campo de control: 20250917125401.0

008 - DATOS DE LONGITUD FIJA

  • campo de control de longitud fija: 240801nn fcnnnaabn b ana |d

035 ## - NÚMERO DE CONTROL

  • Número de control: UPN10000007691

040 ## - FUENTE DE CATALOGACIÓN

  • Agencia original de catalogación: MX-MxUPN
  • Lenguaje de catalogación: spa

110 1# - ENCABEZAMIENTO - NOMBRE CORPORATIVO

  • Nombre corporativo o de jurisdicción como elemento de entrada : México.
  • Title of a work: Constitución política (1917).
  • Name of part/section of a work: Artículo 3°

670 ## - FUENTE EN LA QUE SE LOCALIZARON DATOS

  • Cita de la fuente : LC Authorities, 1 agosto 2024 :
  • Información localizada: México. Constitución Política (1917). Artículo 115
  • Uniform Resource Identifier: https://lccn.loc.gov/no2001076609

902 ## - CATALOGADOR

  • Catalogador: MMA/180816
  • Catalogador: VíctorGodínez/010824